Historical Russian Flags - Statistics

General Stats
  • This quiz has been taken 40 times
  • The average score is 10 of 20
Answer Stats
Picture Answer % Correct
Russian {Empire}
100%
Soviet Union
97%
Russian {Soviet Federated Socialist Republic}
85%
German Reich
82%
Polish-Lithuanian Commonwealth
72%
Golden Horde
64%
Russian {Federation}
64%
Kievan Rus
56%
{Tsardom} of Russia
56%
Mongol Empire
54%
Novgorod Republic
51%
Chechen Republic of Ichkeria
49%
Grand Principality of Moscow
49%
Circassia
46%
Karelia
41%
{Far Eastern} Republic
36%
Don Republic
18%
Mountainous Republic of the Northern Caucasus
10%
Tungus Republic
10%
Kuban People's Republic
8%
No matching quizzes found
Score Distribution
Percent of People with Each Score
Percentile by Number Answered
Your Score History
You have not taken this quiz